Welcome to CU Library Online Public Access Catalogue (OPAC)

Fundamentals of behavioral statistics. (Record no. 5501)

MARC details
000 -LEADER
fixed length control field 01157cam a2200313 a 4500
001 - CONTROL NUMBER
control field 2088874
005 - DATE AND TIME OF LATEST TRANSACTION
control field 20250422162409.0
008 - FIXED-LENGTH DATA ELEMENTS--GENERAL INFORMATION
fixed length control field 950815s1996 nyua b 001 0 eng
020 ## - INTERNATIONAL STANDARD BOOK NUMBER
International Standard Book Number 0070549850 (acidfree paper)
020 ## - INTERNATIONAL STANDARD BOOK NUMBER
International Standard Book Number 9780070549852
050 00 - LIBRARY OF CONGRESS CALL NUMBER
Classification number HA29
Item number .R85 1996
082 00 - DEWEY DECIMAL CLASSIFICATION NUMBER
Classification number 519.5
Edition information 20
100 ## - MAIN ENTRY--PERSONAL NAME
Personal name Runyon Richard P.
245 00 - TITLE STATEMENT
Title Fundamentals of behavioral statistics.
Statement of responsibility, etc. Richard P. Runyon, Audrey Haber, David J. Pittenger & Kay A. Coleman
250 ## - EDITION STATEMENT
Edition statement 8th ed. /
260 ## - PUBLICATION, DISTRIBUTION, ETC.
Place of publication, distribution, etc. New York :
Name of publisher, distributor, etc. McGraw-Hill,
Date of publication, distribution, etc. c1996.
300 ## - PHYSICAL DESCRIPTION
Extent xxv, 721 p. :
Other physical details ill. (some col.) ;
Dimensions 24 cm.
500 ## - GENERAL NOTE
General note Rev. ed. of: Fundamentals of behavioral statistics / Richard P. Runyon. 7th ed. c1991.
650 #0 - SUBJECT ADDED ENTRY--TOPICAL TERM
Topical term or geographic name entry element Social sciences
General subdivision Statistical methods.
650 #0 - SUBJECT ADDED ENTRY--TOPICAL TERM
Topical term or geographic name entry element Statistics.
650 #2 - SUBJECT ADDED ENTRY--TOPICAL TERM
Topical term or geographic name entry element Psychometrics.
650 #2 - SUBJECT ADDED ENTRY--TOPICAL TERM
Topical term or geographic name entry element Statistics.
700 1# - ADDED ENTRY--PERSONAL NAME
Personal name Haber Audrey
700 1# - ADDED ENTRY--PERSONAL NAME
Personal name Pittenger David J.
700 1# - ADDED ENTRY--PERSONAL NAME
Personal name Coleman Kay A.
856 42 - ELECTRONIC LOCATION AND ACCESS
Materials specified Publisher description
Uniform Resource Identifier <a href="http://www.loc.gov/catdir/enhancements/fy0602/95038509-d.html">http://www.loc.gov/catdir/enhancements/fy0602/95038509-d.html</a>
856 41 - ELECTRONIC LOCATION AND ACCESS
Materials specified Table of contents only
Uniform Resource Identifier <a href="http://www.loc.gov/catdir/enhancements/fy0602/95038509-t.html">http://www.loc.gov/catdir/enhancements/fy0602/95038509-t.html</a>
942 ## - ADDED ENTRY ELEMENTS (KOHA)
Source of classification or shelving scheme Library of Congress Classification
Koha item type Books
Edition 8th Ed.
Suppress in OPAC No
999 ## -
-- 5501
-- 5501
Holdings
Withdrawn status Lost status Source of classification or shelving scheme Damaged status Not for loan Collection Home library Current library Shelving location Date acquired Total checkouts Full call number Barcode Date last seen Copy number Price effective from Koha item type
    Library of Congress Classification     Non-fiction Business Library (Miotso) Business Library (Miotso) General stacks 04/14/2025   HA29 .R85 1996 BSSM00001925 04/22/2025 1 04/14/2025 Books
    Library of Congress Classification     Non-fiction Business Library (Miotso) Business Library (Miotso) General stacks 04/14/2025   HA29 .R85 1996 BSSM00001926 04/22/2025 2 04/14/2025 Books
    Library of Congress Classification     Non-fiction Business Library (Miotso) Business Library (Miotso) General stacks 04/14/2025   HA29 .R85 1996 BSSM00001927 04/22/2025 3 04/14/2025 Books
    Library of Congress Classification     Non-fiction Business Library (Miotso) Business Library (Miotso) General stacks 04/14/2025   HA29 .R85 1996 BSSM00001928 04/22/2025 4 04/14/2025 Books
    Library of Congress Classification     Non-fiction Business Library (Miotso) Business Library (Miotso) General stacks 04/14/2025   HA29 .R85 1996 BSSM00001929 04/22/2025 5 04/14/2025 Books
    Library of Congress Classification     Non-fiction Main Library (Kumasi) Main Library (Kumasi) General stacks 04/22/2026   HA29.R85 RUN bssk00000184 04/22/2026 6 04/22/2026 Books
    Library of Congress Classification     Non-fiction Main Library (Kumasi) Main Library (Kumasi) General stacks 04/22/2026   HA29.R85 RUN bssk00000185 04/22/2026 7 04/22/2026 Books
    Library of Congress Classification     Non-fiction Main Library (Kumasi) Main Library (Kumasi) General stacks 04/22/2026   HA29.R85 RUN bssk00000186 04/22/2026 8 04/22/2026 Books
© 2023-2024 Copyright: Central University Libraries. All Rights Reserved | Created by: Mahone Tech Office